| 000 | 01109cpcaa2200289 4500 | ||
|---|---|---|---|
| 001 | mm 83002305 | ||
| 003 | DLC | ||
| 005 | 20260227111718.0 | ||
| 008 | 840104|||||||||||| eng | ||
| 010 | _amm 83002305 | ||
| 040 |
_aDLC _cDLC _edacs _dDLC |
||
| 072 | 7 |
_aR _2lcmd |
|
| 110 | 2 | _aCommittee of Americans for the Canal Treaties. | |
| 245 | 0 | 0 |
_aCommittee of Americans for the Canal Treaties records, _f1977-1978. |
| 300 |
_a1 _fitem. |
||
| 506 | 0 | _aOpen to research. | |
| 520 | 8 | _aVolume of documentation on the activities of the committee with regard to canal treaties with Panama. | |
| 533 | _aPhotocopies. | ||
| 546 | _aCollection material in English. | ||
| 580 | _aForms part of: Miscellaneous Manuscripts collection. | ||
| 630 | 0 | 0 |
_aPanama Canal Treaties _d(1977) |
| 651 | 0 | _aPanama Canal (Panama) | |
| 651 | 0 |
_aPanama _xForeign relations _zUnited States. |
|
| 651 | 0 |
_aUnited States _xForeign relations _zPanama. |
|
| 999 |
_c43858 _d43858 |
||